|
|
|
|
| LEADER |
00000cam a2200000 7i4500 |
| 001 |
0000000555 |
| 005 |
20011204.0 |
| 090 |
0 |
0 |
|a 634.9205
|b INT 1995
|
| 245 |
0 |
0 |
|a INTERNATIONAL model forest network
|
| 260 |
0 |
0 |
|a Kuala Lumpur :
|b [s.n.] ,
|c 1995
|
| 300 |
|
|
|a Unnumbered :
|b maps ;
|c 30 cm.
|
| 650 |
0 |
0 |
|a Forest conservation
|
| 650 |
0 |
0 |
|a Forest management
|
| 650 |
0 |
0 |
|a Sustainable forestry
|
| 998 |
|
|
|a JPSM
|
| 999 |
|
|
|a 0000000224
|b Monograph
|c Open Shelf
|e Default branch
|
| 999 |
|
|
|a 0000000225
|b Monograph
|c Open Shelf
|e Default branch
|
| 999 |
|
|
|a 0000000440
|b Monograph
|c Open Shelf
|e Default branch
|